Pays les plus deviné dans Jetpunk • A-Z - Statistiques

Statistiques générales
  • Ce quiz a été pris 385 fois
  • Le résultat moyen est 19 sur 24
Statistiques - réponses
# Pays le plus connu % Correct
E États-Unis / Espagne
97%
F France
97%
A Australie / Allemagne
96%
C Canada
89%
D Danemark
89%
R Russie
89%
I Italie
87%
Y Yémen
87%
B Brésil
86%
J Japon
86%
Z Zimbabwe
85%
S Suède / Suisse
82%
H Hongrie
81%
Q Qatar
80%
P Portugal
76%
T Turquie
69%
M Mexique
68%
G Grèce
65%
O Oman
64%
N Norvège
63%
U Ukraine
60%
L Lituanie
59%
K Kenya
56%
V Viêt Nam
52%
Aucun quiz correspondant
Distribution des résultats
% des personnes avec chaque résultat
Percentile par nombre de réponses
Votre historique - résultats
Vous n’avez pas pris ce quiz